000 00381 a2200169 4500
001 44597
020 _a8570565887
040 _cAnchieta - Aquarius
100 _aLadeira, Julieta de Godoy
240 1 0 _aO jogo de não jogar
_lpor
245 1 0 _aO jogo de não jogar
300 _a51
362 0 _a1994
440 1 _aAtual
650 4 _aLiteratura infanto-juvenil
942 _cBK
999 _c44597
_d44597